000 00716nam a2200217 i 4500
001 64627
003 ES-MaACL
005 20251005063045.0
007 t|
008 031230s1963 sp f |||| | spa d
100 1 _aFord, Richard,
_d1796-1858
_9138801
245 1 4 _aLas fiestas de los toros
_b= (Spanish bull feasts and bull fights) /
_cRicardo Ford.
260 _a[Madrid] :
_bUnión de Bibliófilos Taurinos,
_c1963.
300 _a76 p., 1 lám. ;
_c24 cm.
490 1 _aColección Ybarra ;
_v2
650 4 _aCorridas de toros.
_911370
710 2 _aUnión de Bibliófilos Taurinos.
_97005
830 0 _aColección Ybarra ;
_v2
_9187249
852 _aES-MaACL
_jC-25351
999 _c64627
_d64627